| 000 | 01394nam0a2200373 4500 | ||
|---|---|---|---|
| 001 | RU\NLR\bibl\259582 | ||
| 005 | 20250620125503.0 | ||
| 010 |
_a5-94214-009-X _91000 |
||
| 021 |
_aRU _b2002-2007 _998 |
||
| 035 | _a(NLR Aleph) 000255258 | ||
| 090 |
_a1490153 _c1490153 |
||
| 100 | _a20020419d2001 |||y0rusy50 ca | ||
| 101 | 0 | _arus | |
| 102 | _aRU | ||
| 105 | _aa ||||||||| | ||
| 200 | 1 |
_aТесные врата _eВозрождение рус. интеллигенции _fЮрий Глазов _gСост. Марина Глазова и Елена Глазова-Корриган |
|
| 210 |
_aСПб. _cЖурн. "Звезда" _d2001 |
||
| 215 |
_a383 с., [8] л. ил. _d21 |
||
| 600 | 1 |
_aГлазов _bЮ.Я. _f1929 - 1998 _gЮрий Яковлевич _92247616 _3RU\NLR\auth\661348340 |
|
| 606 | 0 |
_aИнтеллигенция _yРоссия _92118536 _3RU\NLR\auth\661279566 |
|
| 610 | 0 | _aИнтеллигенция - История | |
| 675 |
_a94(47+57) _v3 _zrus |
||
| 686 |
_a03.19 _2rugasnti |
||
| 686 |
_a63.3(2) _2rubbk |
||
| 686 | _aТ1(2)0-293 | ||
| 686 | _aТ3(2)73-4 | ||
| 700 | 1 |
_4070 _aГлазов _bЮ. Я. _f1929-1998 _gЮрий Яковлевич _9132670 _3RU\NLR\AUTH\770132704 |
|
| 801 | 0 |
_aRU _bRKP _c20020419 _gPSBO |
|
| 801 | 1 |
_aRU _bRKP _c20020419 |
|
| 801 | 2 |
_aRU _bNLR _c20020620 _grcr |
|
| 942 | _cBOOK | ||
| 980 | _aNB | ||